Η Νεοτερική Γεωγραφία των Δημητριέων : Βιέννη 1791
Αποθηκεύτηκε σε:
| Κύριος συγγραφέας: | |
|---|---|
| Μορφή: | Βιβλίο |
| Γλώσσα: | Greek |
| Δημοσίευση: |
Αθήνα :
Ζήτη,
2011.
|
| Σειρά: | Ταξίδια με χάρτες σε τόπους και ουτοπίες (Ζήτη)
|
| Θέματα: | |
| Ετικέτες: |
Προσθήκη ετικέτας
Δεν υπάρχουν, Καταχωρήστε ετικέτα πρώτοι!
|
MARC
| LEADER | 00000cam a2200000 i 4500 | ||
|---|---|---|---|
| 001 | 1/18315 | ||
| 008 | 120312s2011 gr | ||| |||| ||gre|| | ||
| 020 | |a 9789604562954 | ||
| 035 | |l 10112028 | ||
| 040 | |a GR-MY-UA |b gre |e aacr | ||
| 041 | 0 | |a gre | |
| 082 | 7 | |a 914.95 |2 (22) | |
| 100 | 1 | |a Κουμαριανού, Αικατερίνη, |d 1919-2012. | |
| 245 | 1 | 2 | |a Η Νεοτερική Γεωγραφία των Δημητριέων : |b Βιέννη 1791 / |c Αικατερίνη Κουμαριανού. |
| 260 | |a Αθήνα : |b Ζήτη, |c 2011. | ||
| 300 | |a 156 σ. ; |c 21 εκ. | ||
| 490 | 1 | |a (Ταξίδια με χάρτες σε τόπους και ουτοπίες / Ζήτη) | |
| 600 | 1 | 0 | |a Φιλιππίδης, Δανιήλ, |d π. 1755-1832. |
| 651 | 0 | |a Europe, Southern |x Description and travel. | |
| 650 | 0 | 0 | |a Enlightenment |z Greece. |
| 651 | 0 | |a Greece |x Description and travel |v Early works to 1800. | |
| 651 | 0 | |a Greece |x Intellectual life |y 1453-1821. | |
| 830 | 0 | |a Ταξίδια με χάρτες σε τόπους και ουτοπίες (Ζήτη) | |
| 852 | |a INST |b LESVOS |e 20120312 |h 914.95 ΚΟΥ |p 005100050680 |q 005100050680 |t BK |y 0 | ||
| 901 | |a BIBL1-2012-1 | ||
| 909 | |a Λ |b 173530 | ||
| 970 | |a ΤΖΑΦΕΡΗ |b ΕΥΑΓΓΕΛΙΑ |z 2012/03/12 | ||